00295 2200133 4500245003900000250001100039100001900050650001700069005001900086041001400105084001300119300002000132336000900152 aTo Your MooncNatsumi, OuchihText aCet. 1 aNatsumi, Ouchi aKomik Jepang a20230202101203 aIndonesia a741.5592 ailus. :c17 cm. atext